| 000 | 00418nam a2200169Ia 4500 | ||
|---|---|---|---|
| 001 | 16308 | ||
| 005 | 20260306170300.0 | ||
| 008 | 260306t9999||||xx |||||||||||||| ||und|| | ||
| 041 | _aESP | ||
| 082 |
_a347.8 _bM26 |
||
| 110 | _aMarina de Guerra del Perú | ||
| 245 | 0 | _aPolítica Nacional Marítima 2019 - 2030 | |
| 300 |
_a164 páginas : _c30 cm. |
||
| 650 | _aGEN | ||
| 654 | _aCHU | ||
| 942 |
_cLIB _dJUS _fJUS _2ddc _n |
||
| 999 |
_c16308 _d16308 |
||